00450nam a2200157Ia 4500003000500000008004100005020001800046040001900064082000700083100002100090245005800111246005600169260004800225300000700273546001200280STCL181203s9999 xx 000 0 und d a9780521368063 aSTCLbENcSTCL 222 aKerven, Rosalind 0aEarth Magic, Sky Magic: North American Indian Stories aEarth Magic, Sky Magic: North American Indian Tales bCambridge University PressaCambridgec1991 a79 aEnglish